[Event "Cappelle op 29th"]
[Site "Cappelle la Grande"]
[Date "2013.03.01"]
[Round "8"]
[White "Lagarde, Maxime"]
[Black "Azarov, Sergei Nikolaevich"]
[Result "1-0"]
[WhiteElo "2529"]
[BlackElo "2627"]
[Annotator "ChessBase Website"]
[PlyCount "75"]
[EventDate "2013.02.23"]
[EventType "swiss"]
[EventRounds "9"]
[EventCountry "FRA"]
[SourceTitle "CBM 153 Extra"]
[Source "ChessBase"]
[SourceDate "2013.04.22"]
[SourceVersion "1"]
[SourceVersionDate "2013.04.22"]
[SourceQuality "1"]

1. d4 f5 2. Bg5 g6 3. Nc3 d5 4. h4 Bg7 5. e3 c6 6. Qf3 Be6 7. Bd3 Nf6 8. Nge2
h5 9. Qg3 Bf7 10. f3 c5 11. Nf4 {What is preventing White from simply playing}
Nh7 12. O-O-O (12. Nxg6 $1 Bxg6 13. Bxe7 {[%csl Rg6,Rg7]}) 12... Nxg5 13. hxg5
e6 14. e4 cxd4 15. exf5 dxc3 16. fxe6 Qb6 17. exf7+ Kxf7 18. Bxg6+ Kg8 19. Rxd5
Nc6 20. Re1 Nb4 21. b3 Qc7 22. Rf5 Rf8 23. Qh3 Qd6 24. Rxf8+ Bxf8 25. Qe6+ Qxe6
26. Nxe6 h4 27. Nxf8 Kxf8 28. Re8+ Kg7 29. Rxh8 Kxh8 30. Be4 Nxa2+ 31. Kb1 Nb4
32. Bxb7 Kg7 33. Be4 Na6 34. f4 Nc7 35. f5 Nb5 36. Kc1 Nd6 37. Bd3 a5 38. Kd1
1-0

[Event "YUG-ch39"]
[Site "Subotica"]
[Date "1984.02.21"]
[Round "1"]
[White "Cebalo, Miso"]
[Black "Kovacevic, Vlatko"]
[Result "1-0"]
[WhiteElo "2485"]
[BlackElo "2555"]
[Annotator "ChessBase/Kovacevic,V"]
[PlyCount "81"]
[EventDate "1984.02.21"]
[EventType "tourn"]
[EventRounds "17"]
[EventCountry "YUG"]
[EventCategory "9"]
[SourceTitle "MCL"]
[Source "ChessBase"]
[SourceDate "1999.07.01"]
[SourceVersion "1"]
[SourceVersionDate "1999.07.01"]
[SourceQuality "1"]

1. d4 {1)Sahovsi Glasnik 1984, p.202 [Kovacevic,V]} f5 2. Bg5 c6 3. c4 Qb6 4.
Qd2 d6 5. Nc3 h6 6. Be3 Nf6 7. f3 Qa6 8. b3 e5 9. Bf2 Nbd7 10. e3 Qa5 11. Bd3
g6 12. Nge2 Be7 13. O-O O-O 14. h3 Nh7 15. Rad1 Kg7 16. Qb2 Bf6 17. b4 Qd8 18.
Qc2 Qe7 19. Rfe1 Bh4 20. Ng3 Kh8 21. Kh2 Re8 22. dxe5 Nxe5 23. Bf1 Be6 {[#]}
24. f4 $1 $16 Nxc4 25. e4 Qf7 26. Bxc4 Bxc4 27. exf5 Bxg3+ (27... Rxe1 28. Bxe1
Bxg3+ 29. Bxg3 Qxf5 30. Qxf5 gxf5 31. Rxd6 $16) 28. Bxg3 Qxf5 29. Qxf5 gxf5 30.
Rxd6 Rxe1 31. Bxe1 h5 32. Bf2 a5 (32... Kg8 33. Rd7 $16) 33. bxa5 $16 (33. Na4
$18) 33... Rxa5 (33... Kg8 34. Bb6 $16) 34. Bd4+ $18 Kg8 35. Rg6+ Kf8 36. Rg7
Bg8 37. Rxb7 Ke8 38. Rg7 Kf8 39. Rc7 Ra6 40. Bc5+ Ke8 41. Re7+ 1-0

[Event "Las Palmas3"]
[Site "Las Palmas"]
[Date "1993.??.??"]
[Round "1"]
[White "Izeta Txabarri, Felix"]
[Black "Dao, Thien Hai"]
[Result "0-1"]
[WhiteElo "2510"]
[BlackElo "2565"]
[Annotator "Dautov,R"]
[PlyCount "120"]
[EventDate "1993.12.??"]
[EventType "tourn"]
[EventRounds "9"]
[EventCountry "ESP"]
[EventCategory "13"]
[SourceTitle "CBM 040"]
[Source "ChessBase"]
[SourceDate "1994.06.01"]
[SourceVersion "1"]
[SourceVersionDate "1994.06.01"]
[SourceQuality "1"]

1. d4 f5 2. Nc3 Nf6 3. Bg5 d5 4. Bxf6 exf6 5. e3 Nc6 {N} (5... c6) (5... Be6 6.
Bd3 Nc6 7. Nh3 (7. Qf3 Qd7 8. a3 O-O-O 9. Nge2 g6 10. h3 h5 11. O-O-O Ne7 12.
Kb1 Kb8 13. Nc1 Nc8 14. Nb3 b6 $13 {Gurevich,M-Topalov/Groningen PCA/1993})
7... Qd7 8. Nf4 Bf7 9. a3 Na5 10. Qf3 c6 11. h4 Nc4 12. Qh3 Nd6 13. h5 Be7 14.
f3 O-O-O $10 {Neverov-Santo Roman/Candas op/1992}) 6. Bb5 $1 Be6 7. Bxc6+ bxc6
8. Nge2 Bd6 9. Na4 Qe7 10. Qd3 {/\Qa6} (10. O-O O-O 11. Nf4 Bf7 12. Nd3 g5 $13)
10... a5 11. O-O O-O 12. Qc3 Bd7 13. Nc5 Rfb8 14. a3 $14 {/\b4} Qf7 15. b4 (15.
Nxd7 $5 Qxd7 16. Nf4 Bxf4 17. exf4 Qd6 18. g3 a4 $132 {/\Rb5}) 15... axb4 16.
axb4 Be8 {/\Bh2} 17. h3 (17. Nf4 $5 g5 18. Nfd3 Qh5 19. f4 $14) 17... Qh5 (
17... g5 $6 18. Ra5 $1 Qh5 19. Ng3 Qg6 (19... Bxg3 20. fxg3 $16) 20. Rfa1 Rxa5
21. bxa5 f4 22. exf4 gxf4 23. Nf1 $16) 18. Nf4 Qh6 19. Nfe6 $6 {פe6} (19. Nfd3
$1 g5 {/\g4} 20. Rxa8 Rxa8 21. Nb7 $1 Rb8 (21... Be7 22. Na5 Ra6 23. b5 cxb5
24. Qxc7 $36) 22. Nxd6 cxd6 23. Ra1 $16) 19... Bf7 $1 20. Qd3 g6 21. Ra5 Re8
22. Rfa1 Rac8 23. Qa6 $1 f4 (23... Bxe6 24. Nxe6 Bxb4 25. R5a4 Bd6 26. c4 Rb8
27. Qxc6 Rxe6 28. Qxd5 Rbe8 (28... Kf7 $2 29. c5 c6 30. Ra7+ Be7 31. Rxe7+ $1
$18) 29. Ra8 (29. c5 c6 $1) 29... Kg7 30. c5 Bf8 31. R1a7 $44) 24. Nxf4 (24.
exf4 Bxc5 25. Nxc5 Qxf4) 24... Bxf4 25. exf4 Qxf4 26. Qd3 (26. Qxc6 Qxd4 27.
Nb3 Qh4 $5 $132) (26. c3 Qd2 {/\Re1}) 26... g5 27. c3 Bg6 28. Qf3 Qd6 $10 29.
Ra6 {/\b5} Rb8 30. Qg3 Re7 31. Qxd6 $5 cxd6 32. Nb3 Rc7 33. Ra7 Rbc8 34. Rxc7
Rxc7 35. Ra8+ Kf7 36. Kf1 $2 (36. Rd8 Ke7 37. Rg8 Kf7 38. Rd8 $10) 36... Bd3+
37. Ke1 Bc4 38. Nc1 (38. Nd2 Re7+ 39. Kd1 Be2+ 40. Kc2 Bb5 $17 {/\Re2}) 38...
Re7+ 39. Kd2 Bf1 $17 40. Rc8 Bxg2 41. Rxc6 Bxh3 42. Rxd6 h5 43. Rxd5 h4 44. Ne2
$8 (44. Rd8 Bg4 45. Rh8 Kg7 $19) 44... Bg4 (44... Bf1 $1 45. Ng1 Kg6 $1 46. Rd8
g4 47. Rh8 h3 $19) 45. Ng1 h3 46. Nxh3 Bxh3 47. c4 Bg4 48. b5 Re2+ 49. Kc3 Rxf2
50. b6 Re2 51. Rd8 $2 (51. b7 $1 Re8 52. Rb5 Rb8 53. d5 Ke7 54. c5 Bf3 55. Kd4
g4 56. Rb3 $10) 51... Re3+ 52. Kb4 $6 (52. Kb2 $142) 52... Re1 53. c5 Ke7 54.
Rh8 Bf3 $19 55. Rc8 Rc1 56. Kb5 Rb1+ 57. Ka6 (57. Ka5 g4 58. c6 g3 59. c7 Rc1
60. Rg8 g2 61. Ka6 Kf7 62. Rg3 Rc2 $1 $19) 57... g4 58. c6 Kd6 $1 59. b7 (59.
c7 Kc6 $19) 59... Bxc6 60. b8=Q+ Rxb8 (60... Rxb8 61. Rxb8 g3 62. Rg8 g2 63.
Ka5 f5 $19) 0-1

[Event "URS-ch FL54"]
[Site "Kuibyshev"]
[Date "1986.??.??"]
[Round "?"]
[White "Khalifman, Alexander"]
[Black "Lerner, Konstantin Z"]
[Result "1-0"]
[WhiteElo "2500"]
[BlackElo "2550"]
[Annotator "Dolmatov,S"]
[PlyCount "127"]
[EventDate "1986.10.??"]
[EventType "tourn"]
[EventRounds "17"]
[EventCountry "URS"]
[EventCategory "9"]
[SourceTitle "MCL"]
[Source "ChessBase"]
[SourceDate "1999.07.01"]
[SourceVersion "1"]
[SourceVersionDate "1999.07.01"]
[SourceQuality "1"]

1. d4 f5 2. Nc3 d5 3. Bg5 g6 4. e3 Bg7 5. h4 Be6 6. Nf3 c6 7. Bf4 (7. Bd3 Nd7
8. h5 Ngf6 9. hxg6 hxg6 10. Rxh8+ Bxh8 11. Ne2 Bf7 12. Nf4 Ne4 $13 {Kovacevic,
Vl-Kristiansen,J/Plovdiv/1983/ Inf 35/137/}) 7... Nf6 8. h5 Nxh5 $2 (8... Nbd7
$5 9. h6 Bf8 10. Qd2 Bf7 11. Ne5 e6 12. f3 Be7 13. g4 Nxe5 14. Bxe5 fxg4 15.
fxg4 O-O $15 {Khalifman,A-Legky,N/URS/1987/ Inf 43/115/}) 9. Rxh5 $1 gxh5 10.
Ng5 Bg8 11. Qxh5+ Kf8 (11... Kd7 $2 12. Nf7 Bxf7 (12... Qe8 13. Qxf5+ e6 14.
Ne5+ $16) 13. Qxf7 Bf6 14. Bd3 $16) 12. Bd3 e6 13. g4 h6 14. Nf3 Bf7 15. Qh3
fxg4 16. Qxg4 $44 Nd7 17. Bd6+ Kg8 18. O-O-O Nf6 19. Qf4 Bh5 20. Be5 Bxf3 21.
Qxf3 Qe7 22. Rg1 Rf8 23. Qg3 (23. Ne2 $5 Nd7 24. Nf4 Nxe5 25. dxe5 h5 26. Qh3
$40) 23... h5 24. Bd6 h4 25. Qe5 (25. Bxe7 $5 hxg3 26. Bxf8 Kxf8 (26... gxf2 $2
27. Rxg7+ Kxf8 28. Rxb7 Rh1+ 29. Kd2 $16) 27. Rxg3 $16) 25... Qd7 26. Bxf8 Kxf8
27. Ne2 Nh5 28. Qb8+ Kf7 (28... Ke7 $2 29. Rxg7+ $18) 29. Bg6+ Ke7 30. Bxh5
Rxb8 31. Rxg7+ Kd6 32. Rxd7+ Kxd7 33. Bg4 Kd6 34. Kd2 Rg8 35. f3 $18 e5 36.
dxe5+ Kxe5 37. Ke1 Rh8 38. Bh3 (38. Kf2 $2 h3 39. Kg1 h2+ 40. Kh1 c5 $14) 38...
c5 39. Kf2 b5 40. Nf4 Rh6 41. Nd3+ Kd6 42. f4 b4 43. f5 c4 44. Nf4 (44. Nxb4 $4
a5 45. Na6 Rh8 46. f6 Rf8 $17) 44... Ke5 45. Kf3 Rd6 46. Nh5 (46. Ne6 $5 Ra6 $6
47. Nc5 Rxa2 48. Nd7+ Kd6 49. f6 $18) 46... d4 47. exd4+ Rxd4 48. f6 Rd8 49.
Bf1 (49. Kg4 Rd2 $132) 49... Kf5 50. Bxc4 Kg5 51. Nf4 Kxf6 52. Nd5+ Kg5 53.
Nxb4 Rd2 54. Ke3 Rd1 55. Nd3 h3 56. Nf2 h2 57. b3 h1=Q (57... Kf5 58. Bd3+ $16)
58. Nxh1 Rxh1 59. Kd4 Rh4+ $2 (59... Kf6 $32 60. Kc5 Ke7 61. Kc6 Rh2 62. Bd3
Kd8 63. Kb7 a5 $16) 60. Ke5 Kg4 61. Be6+ Kf3 62. c4 Rh2 63. c5 Rxa2 64. c6 1-0

[Event "EU-chT 22nd"]
[Site "Batumi"]
[Date "2019.10.30"]
[Round "6.2"]
[White "Edouard, Romain"]
[Black "Beukema, Stefan"]
[Result "1-0"]
[WhiteElo "2641"]
[BlackElo "2380"]
[Annotator "Edouard,R"]
[PlyCount "43"]
[EventDate "2019.10.24"]
[EventType "team-swiss"]
[EventRounds "9"]
[EventCountry "GEO"]
[SourceTitle "CBM 193"]
[Source "ChessBase"]
[SourceDate "2019.12.31"]
[SourceVersion "1"]
[SourceVersionDate "2019.12.31"]
[SourceQuality "1"]
[WhiteTeam "France"]
[BlackTeam "Belgium"]
[WhiteTeamCountry "FRA"]
[BlackTeamCountry "BEL"]

1. d4 f5 2. Nf3 d6 $6 {Not a great move order.} 3. Nc3 {Already threatening e4.
} Nf6 4. Bg5 $1 e6 ({Another interesting idea was played in the following game:
} 4... Nbd7 5. Qd3 $1 (5. e4 $5 fxe4 6. Nd2 d5 7. f3 e3 8. Nb3 c6 9. Qd3 e5 10.
dxe5 Nxe5 11. Qxe3 Qe7 12. Bxf6 gxf6 13. O-O-O $40 {1-0 (38) Stocek,J (2560)
-Fries Nielsen,J (2349) Karlsruhe 2017}) 5... g6 (5... e6 6. e4 fxe4 7. Nxe4
Be7 8. h4 $5 Nxe4 9. Qxe4 Nf6 10. Bxf6 Bxf6 11. O-O-O d5 12. Qe3 $16 {½-½ 
(30) Zakhartsov,V (2544)-Fries Nielsen,J (2353) Teplice 2017}) 6. e4 fxe4 7.
Nxe4 Bg7 8. O-O-O c6 9. Re1 $16 {1-0 (28) Banikas,H (2601)-Pezelj,N (2475)
Skopje 2018}) (4... Ne4 5. Nxe4 fxe4 6. Nd2 Bf5 7. f3 $5 exf3 (7... d5 8. e3
exf3 9. Nxf3 c5 10. Bd3 $16 {1-0 (19) Gordon,S (2528)-Martins,D (2384) England
2018}) 8. e4 $1 f2+ 9. Kxf2 Bg6 10. Bc4 Nc6 11. c3 Qd7 12. Rf1 $16 {1-0 (48)
Rozum,I (2596)-Gubajdullin,A (2345) St Petersburg 2019}) (4... g6 5. Bxf6 exf6
6. h4 Bh6 7. h5 {gives White a reat game: 1-0 (54) Munkhgal,G (2442)-Aczel,G 
(2547) Budapest 2017.}) 5. e4 fxe4 6. Nxe4 Be7 7. Nxf6+ (7. Ng3 $1 {is Adrien
Demuth's suggestion in his book "The Modernized Reti" (he does discuss 1.Nf3
d6 2.d4 f5), keeping the pieces to increase the pressure. He may be right!})
7... Bxf6 8. h4 Nc6 9. Qd2 h6 10. Be3 Bd7 $2 (10... Qd7 $1 {was critical. If
Black manages ...Qf7, ...Bd7 and ...Ne7 then his position becomes playable.}
11. Bd3 Qf7 12. h5 Ne7 13. O-O-O Bd7 {And it seems he does. Here White can try
14.Qa5!? or just 14.Nh4, but he's only fighting for a small advantage.}) (10...
e5 $6 11. dxe5 Nxe5 12. O-O-O Qe7 13. Re1 Be6 14. Nxe5 dxe5 15. Qc3 $16) 11.
Bd3 Ne7 12. O-O-O Bc6 13. Qe2 $1 {An important move.} O-O {Castling on this
side is like committing suicide, GM Gurevich (Belgian team captain) said,
after the game.} ({But} 13... Qd7 14. Ne5 $1 {is the point, and White has a
huge advantage.}) {The two direct options below looked great to me, but I
decided to first remove my bishop from e3, and then make my choice!} 14. Bd2 (
14. g4 $5) (14. Ng5 $5) 14... Bd5 $5 ({After} 14... Qd7 {another simple option
(besides 15.g4 or 15.Ng5) would be} 15. Rh3 {with the idea of g4.}) 15. g4 $5 (
15. c4 Bxf3 16. Qxe6+ Kh8 17. gxf3 d5 {would be much better for White, but I
wanted more than that - a mate!}) 15... Nc6 (15... Bxf3 $2 16. Qxf3 Bxd4 17.
Qe4 $18) 16. c3 Be7 (16... e5 17. c4 $5 Bxf3 18. Qxf3 Nxd4 19. Qe4 $18) 17. Rh3
Qe8 18. Rg1 (18. Bc2 $5) 18... Qf7 (18... e5 {was the last try to stay in the
game:} 19. g5 h5 20. dxe5 {and Black is much worse anyway.} ({But not} 20. g6
$4 Rxf3 $1 21. Rxf3 Nxd4 $1 22. cxd4 Qc6+ $17 {- a trick one can easily miss.})
) 19. Rgg3 e5 20. g5 h5 $2 {This doesn't help Black, but the position was lost
anyway.} (20... e4 21. Bxe4 Bxe4 22. Qxe4 d5 23. Qe2 h5 {was the only way not
to lose at once, but of course White has a serious extra pawn.}) 21. g6 Qf6 22.
Ng5 1-0

[Event "EU-Cup 34th"]
[Site "Porto Carras"]
[Date "2018.10.12"]
[Round "1.11"]
[White "Edouard, Romain"]
[Black "Jakubiec, Artur"]
[Result "1/2-1/2"]
[WhiteElo "2646"]
[BlackElo "2508"]
[Annotator "Edouard,R"]
[PlyCount "75"]
[EventDate "2018.10.12"]
[EventType "team-swiss"]
[EventRounds "7"]
[EventCountry "GRE"]
[SourceTitle "CBM 187"]
[Source "ChessBase"]
[SourceDate "2018.12.11"]
[SourceVersion "1"]
[SourceVersionDate "2018.12.11"]
[SourceQuality "1"]
[WhiteTeam "KGSRL"]
[BlackTeam "Wirtzfeld"]
[WhiteTeamCountry "BEL"]
[BlackTeamCountry "BEL"]

1. d4 f5 2. Bg5 h6 3. Bd2 $5 {A very interesting move, which I discovered
thanks to the games of GM Moiseenko.} Nf6 4. e3 {White's approach looks very
slow, but it is very threatening, and the move ...h7-h6 appears to be quite
weaknessing.} e6 (4... g6 $6 5. Ne2 {followed by Nf4 would be pretty annoying
for Black.}) (4... d6 $5 {is another critical move, willing to push ...e7-e5
at once.} 5. Be2 g6 6. Nf3 Nc6 7. O-O $5 {I like White after this simple move.}
(7. Nh4 Kf7 8. O-O e5 9. dxe5 dxe5 10. Bc4+ Kg7 {was fine for Black in ½-½ 
(35) Moiseenko,A (2710)-Kuzubov,Y (2638) Turkey 2015}) 7... e5 8. dxe5 dxe5 9.
Bb5 Bd6 10. Bc3 Qe7 11. Nbd2 $14) 5. Be2 Qe7 {"Invented" by my opponent over
the board. Black wants to be able to answer Bh5+ by ...Nxh5 and ...Qf7.} (5...
g6 {was another of Moiseenko's games:} 6. Nh3 $1 d6 7. Nf4 Rg8 (7... Kf7 8. c4
e5 9. Nd3 $14) 8. Bc4 (8. c4 $5 $146 {looks simplest and best to me:} e5 9. Nd3
Nc6 10. Bc3 $14) 8... Qe7 9. Nc3 Nc6 10. O-O g5 11. Nh5 d5 12. Be2 Bd7 13. Nb5
(13. Nxf6+ $5 $146 Qxf6 14. Bh5+ Kd8 15. f3 $1 $14) 13... O-O-O 14. Nxf6 Qxf6
15. c4 g4 $13 {1-0 (137) Moiseenko,A (2707) -Wojtaszek,R (2724) Poland 2014}) (
5... Be7 6. Bh5+ Nxh5 7. Qxh5+ Kf8 8. Nc3 Nc6 {was played in a game of mine,
and now I should just gave gone} 9. Nge2 (9. d5 Ne5 10. Qe2 b5 $5 {lead to
huge complications in: 1-0 (36) Edouard,R (2648)-Dubessay,B (2304) Porticcio
2016}) 9... Qe8 10. Qf3 $14 {with a more pleasant position for White.}) 6. c4
d6 7. Nc3 g6 8. Qc2 (8. Nh3 Bg7 9. Nf4 Qf7 {with the idea of ...e5 seems
pretty unclear.}) 8... Bg7 9. g4 $5 {Trying to refute Black's conception in
the most aggressive way - but this conception may not be bad after all!} e5 $6
{Over the board, I thought this was Black's best - not to say only - choice.} (
9... O-O $6 10. gxf5 exf5 11. h4 {looked great for White to me.}) ({But the
engine comes up with a weird way to solve Black's problems:} 9... Nxg4 $1 10.
Bxg4 fxg4 11. Qxg6+ Qf7 12. Qxg4 Na6 $1 $44 {/\...e5}) 10. dxe5 dxe5 11. gxf5
$2 {Overestimating my position.} (11. Nf3 $3 {was great for White:} Nxg4 (11...
O-O 12. Nh4 $16) 12. Nd5 (12. h3 $5 Nf6 13. Nh4 Qf7 14. Rg1 Nc6 15. O-O-O Be6
16. Be1 $1 $40) 12... Qf7 13. h3 $40) 11... Bxf5 12. e4 Be6 13. Nd5 Qf7 14. Ba5
{Completely blundering Black's 15th move in the game - but Black's position
playing ...Nc6 next was fine.} O-O (14... b6 15. Bb4 {was my plan, with the
idea to answer} Nc6 {with} 16. Qa4 {, but the engine just laughts at it:} Qd7
17. O-O-O Bxd5 18. cxd5 Nd4 $132) 15. Nxc7 Nc6 16. Nxe6 Qxe6 17. Bc3 Rad8 {
Black is basically winning.} 18. h4 (18. Nf3 Nd4 19. Bxd4 exd4 20. O-O-O Nxe4
$17) 18... Nd4 19. Bxd4 exd4 $1 (19... Rxd4 20. Nf3 {would be a relieve.}) 20.
f3 Nh5 21. Bd3 (21. O-O-O b5 $1 {looked just winning for Black to me.}) 21...
Be5 $2 ({I was afraid to just quickly lose in case of} 21... Nf4 {, still with
the idea} 22. O-O-O b5 $1 $40) 22. O-O-O {Black is still slightly better, but
I got time to organize myself.} Kg7 23. Kb1 b6 24. Qg2 Qf6 25. Qc2 Qe6 26. Qg2
Qf6 27. Qc2 Qd6 ({After something like} 27... Rf7 $5 {my position would remain
very unpleasant.}) 28. Qg2 Rf6 29. Ne2 Rdf8 30. Rhf1 Nf4 31. Nxf4 Rxf4 32. h5
g5 {Despite an extra pawn for White, Black obviously can never be worse.} 33.
Rc1 Qe7 34. Be2 Kh8 35. Bd3 R4f6 36. a3 Rf4 37. Be2 R4f6 38. Bd3 1/2-1/2

[Event "Santo Antonio 4th"]
[Site "Santo Antonio"]
[Date "2001.05.26"]
[Round "8"]
[White "Ubilava, Elizbar"]
[Black "Campora, Daniel Hugo"]
[Result "1-0"]
[WhiteElo "2526"]
[BlackElo "2503"]
[Annotator "Finkel,A"]
[PlyCount "85"]
[EventDate "2001.05.19"]
[EventType "tourn"]
[EventRounds "9"]
[EventCountry "POR"]
[EventCategory "9"]
[SourceTitle "CBM 084"]
[Source "ChessBase"]
[SourceDate "2001.09.13"]
[SourceVersion "1"]
[SourceVersionDate "2001.09.13"]
[SourceQuality "1"]

1. Nf3 d5 2. d4 f5 $6 3. Bf4 Nf6 4. e3 e6 5. Nbd2 (5. c4 Bd6 6. Nc3 Bxf4 7.
exf4 O-O 8. Bd3 c6 9. O-O Ne4 10. g3 Nd7 11. Kg2 $14 {Vecsey,Z-Hasek,J/Prague
1930/EXT 99}) (5. Bd3 c5 6. c3 c4 7. Be2 b5 8. O-O Be7 9. Nbd2 O-O 10. h3 Ne4
11. Nxe4 fxe4 12. Ne5 $14 {Staudacher,K-Leisch,H/Wattens 1996/EXT 2000}) 5...
Be7 (5... Bd6 6. Ne5 Nbd7 7. Ndf3 O-O 8. Bd3 Bxe5 9. Nxe5 Nxe5 10. Bxe5 c5 11.
c3 c4 12. Bc2 Ng4 13. Bg3 $14 {Peisser,M-Achleitner,R/Finkenstein 1992/EXT 97})
6. Ne5 O-O 7. Bd3 (7. Be2 Bd7 8. c3 c6 9. Qc2 Be8 10. h3 Nbd7 11. g4 Ne4 12. f3
Bh4+ 13. Kf1 Ng3+ $15 {Jonkers,F-Timmer,J/Haarlem 1994/EXT 99}) 7... Nbd7 8. h3
$14 {[%cal Gc2c4,Gg2g4] White has very comfortable advantage without any
effort, that's why I think that black's second move is a dubious one.} (8. Ndf3
Ne4 9. h4 c6 10. c3 Nxe5 11. Nxe5 Nd6 12. g4 Qb6 13. Rb1 c5 14. g5 $14 {
Deak,G-Moravcik,R/SVK 1998/EXT 2000}) 8... Nxe5 9. Bxe5 Nd7 (9... Ne4 $5 10.
O-O Nxd2 11. Qxd2 Bd6 12. Bxd6 cxd6 13. c4 dxc4 14. Bxc4 Bd7 $14) 10. Bg3 c5
11. c3 Qb6 12. Qc2 Qc6 (12... Nf6 {[%cal Gc8d7,Gd7b5]} 13. O-O Bd7 14. dxc5
Bxc5 15. c4 Rac8 $132) 13. O-O a6 14. f3 c4 (14... Bd6 15. Bxd6 Qxd6 16. f4 b6
17. Nf3 Bb7 18. Kh2 cxd4 19. cxd4 $14) (14... b6 $5 15. e4 c4 $2 (15... cxd4
16. cxd4 (16. exd5 Qxd5 17. Bc4 Qc6 18. cxd4 b5 $132) 16... Qxc2 17. Bxc2 Bb7
18. exf5 exf5 19. Rfe1 Bf6 20. Nb3 $14) 16. exd5 cxd3 17. dxc6 dxc2 18. cxd7
Bxd7 19. Rac1 $16) 15. Be2 b5 16. b3 e5 $5 (16... Bf6) 17. bxc4 dxc4 $2 {
Exremly strange decision leaving white with clear advantage, while after
correct} (17... exd4 $1 18. cxb5 (18. exd4 bxc4 $15 {[%cal Gf5f4,Gd7f6]}) 18...
Qxc3 19. Qxc3 dxc3 20. Nb3 axb5 21. Bxb5 $13 {black is out of danger}) 18. dxe5
Bc5 19. f4 $14 Bb7 20. Bf3 Bxe3+ 21. Kh2 Qc7 22. Rae1 Bxd2 23. Qxd2 Bxf3 24.
Rxf3 Nc5 {[%cal Gc5d3,Gc5e4] That's the position that black has probably
estimated in his favor, but with energetic play white proves that it's just
not true!} 25. Qd5+ $1 Kh8 26. e6 Rad8 (26... Qe7 27. Re5 {[%csl Rc5,Rf5]} Rac8
28. Bf2 $1 Nd3 $8 29. Rxf5 Rxf5 30. Qxf5 Re8 {[%csl Re6]} 31. Bd4 Qxe6 32. Re3
$1 $16 {[%csl Rh8]}) 27. Qe5 Qe7 $2 (27... Qxe5 28. Rxe5 Rc8 29. e7 Rfe8 30.
Bh4 $14 {[%csl Rf5]}) 28. Bh4 $1 {[%cal Ge6e7]} Qxh4 29. e7 Ne4 (29... Nd3 30.
exf8=Q+ Rxf8 31. Qd6 Rg8 32. Re7 $16) 30. Rd1 $1 Rde8 31. exf8=Q+ Rxf8 32. Rd7
$16 Nf6 (32... Qf6 33. Re3) 33. Qe7 Rg8 34. Kg1 $5 {Profilactics against Ng4+}
Qh5 35. Rd8 Qg6 36. Re3 h6 (36... Ne4 37. Rxg8+ Kxg8 38. Qd8+ Kf7 39. Qc7+ Kf8
40. a4 $1 $16 {[%cal Ge3e1,Ge1a1,Ga1a8]}) 37. Rxg8+ Nxg8 38. Qe6 Qh5 39. Re5
$18 {[%csl Rf5]} Qd1+ 40. Kh2 Qd2 41. Rxf5 {[%cal Gf6f8]} Nf6 42. Qxa6 Qxc3 43.
Rxb5 1-0